[Event "SVK-ch U12 Girls"]
[Site "Dudince"]
[Date "2023.04.21"]
[Round "7"]
[White "Hasalova, Michaela"]
[Black "Salokova, Stela"]
[Result "0-1"]
[WhiteElo "1077"]
[BlackElo "1079"]
[PlyCount "88"]
[EventDate "2023.04.16"]
[EventType "swiss"]
[EventRounds "9"]
[EventCountry "SVK"]
[SourceTitle "CBM 213 Extra"]
[Source "ChessBase"]
[SourceDate "2023.05.31"]
[SourceVersion "1"]
[SourceVersionDate "2023.05.31"]
[SourceQuality "1"]

1. d4 Nf6 2. Nc3 d5 3. Bf4 e6 4. a3 c5 5. Nf3 Nc6 6. e3 Bd7 7. Bb5 a6 8. Bxc6 Bxc6 9. dxc5 Bxc5 10. b4 Bd6 11. Qd4 0-0 12. 0-0 Bxf4 13. Qxf4 Re8 14. Rfd1 Rc8 15. e4 Qe7 16. e5 Ne4 17. Nxe4 dxe4 18. Ng5 Bd5 19. Rdc1 f5 20. g4 h6 21. Nh3 Qh4 22. Qg3 Qxg3+ 23. hxg3 fxg4 24. Nf4 Rc6 25. Rd1 Rxc2 26. Rd4 Rc4 27. Rxc4 Bxc4 28. Rc1 Bd5 29. Rc7 Bc6 30. Ng6 Bb5 31. Ne7+ Kh7 32. f4 gxf3 33. Kf2 Rd8 34. Ke3 Rd1 35. Rc2 Re1+ 36. Kf2 Re2+ 37. Rxe2 fxe2 38. Ke1 g5 39. Nc8 h5 40. Nd6 Bd3 41. Nf7 Kg6 42. Nh8+ Kg7 43. Nf7 Kxf7 44. a4 h4 0-1

[Event "SVK-ch U12 Girls"]
[Site "Stara Lubovna"]
[Date "2022.05.21"]
[Round "1"]
[White "Hasalova, Michaela"]
[Black "Polackova, Eva"]
[Result "0-1"]
[WhiteElo "1020"]
[BlackElo "1253"]
[PlyCount "38"]
[EventDate "2022.05.21"]
[EventType "tourn"]
[EventRounds "7"]
[EventCountry "SVK"]
[SourceTitle "CBM 208 Extra"]
[Source "ChessBase"]
[SourceDate "2022.07.31"]
[SourceVersion "1"]
[SourceVersionDate "2022.07.31"]
[SourceQuality "1"]

1. d4 e6 2. Nc3 f5 3. e3 Nf6 4. Bc4 Bb4 5. Bd2 Bxc3 6. Bxc3 b6 7. Nf3 0-0 8. Bb4 Re8 9. 0-0 Bb7 10. Ng5 Nc6 11. Ba3 Nd5 12. Qf3 Qxg5 13. Rfe1 Rab8 14. g3 Ndb4 15. Re2 Na5 16. b3 Bxf3 17. Rd2 Nxc4 18. bxc4 Qg4 19. Bxb4 Qh3 0-1